| 000 -LEADER |
| fixed length control field |
05385cam a22003978i 4500 |
| 001 - CONTROL NUMBER |
| control field |
21481031 |
| 005 - DATE AND TIME OF LATEST TRANSACTION |
| control field |
20230717114834.0 |
| 006 - FIXED-LENGTH DATA ELEMENTS--ADDITIONAL MATERIAL CHARACTERISTICS |
| fixed length control field |
m |o d | |
| 007 - PHYSICAL DESCRIPTION FIXED FIELD--GENERAL INFORMATION |
| fixed length control field |
cr ||||||||||| |
| 008 - FIXED-LENGTH DATA ELEMENTS--GENERAL INFORMATION |
| fixed length control field |
200313s2020 onc ob 001 0 eng |
| 010 ## - LIBRARY OF CONGRESS CONTROL NUMBER |
| LC control number |
2019056256 |
| 020 ## - INTERNATIONAL STANDARD BOOK NUMBER |
| International Standard Book Number |
9780429286759 |
| 020 ## - INTERNATIONAL STANDARD BOOK NUMBER |
| Canceled/invalid ISBN |
9781771888226 |
| 040 ## - CATALOGING SOURCE |
| Original cataloging agency |
DLC |
| Language of cataloging |
eng |
| Transcribing agency |
DLC |
| Description conventions |
rda |
| 042 ## - AUTHENTICATION CODE |
| Authentication code |
pcc |
| 050 00 - LIBRARY OF CONGRESS CALL NUMBER |
| Classification number |
S 494.5 .R35 2020 |
| 082 00 - DEWEY DECIMAL CLASSIFICATION NUMBER |
| Classification number |
634.9028/6 |
| Edition number |
23 |
| 245 00 - TITLE STATEMENT |
| Title |
Climate change and agroforestry systems : |
| Remainder of title |
adaptation and mitigation strategies / |
| Statement of responsibility, etc. |
edited by Abhishek Raj, Manoj Kumar Jhariya, Dhiraj Kumar Yadav, Arnab Banerjee. |
| 263 ## - PROJECTED PUBLICATION DATE |
| Projected publication date |
2003 |
| 300 ## - PHYSICAL DESCRIPTION |
| Extent |
1 online resource |
| 504 ## - BIBLIOGRAPHY, ETC. NOTE |
| Bibliography, etc |
Includes bibliographical references and index. |
| 505 0# - FORMATTED CONTENTS NOTE |
| Formatted contents note |
Impact of climate change on agroecosystems and its mitigation strategies / Abhishek Raj, M.K. Jhariya, D.K. Yadav, and A. Banerjee -- Agroforestry for climate change mitigation, natural resource management, and livelihood security / Abhishek Raj, M.K. Jhariya, D.K. Yadav, A. Banerjee, and P. Toppo -- Potential of agroforestry and environmental greening for climate change minimization / A.O. Akanwa, H.C. Mba, E.B. Ogbuene, M.U. Nwachukwu, and C.C. Anukwonke -- Mitigation of climate change through carbon sequestration in agricultural soils / Zia Ur Rahman Farooqi, Muhammad Sabir, M. Zia-ur-Rehman, and Muhammad Mahroz Hussain -- Agroforestry : soil organic carbon and its carbon sequestration potential / Nongmaithem Raju Singh, Dhiraj Kumar, K.K. Rao, and B.P. Bhatt -- Climate change, soil health, and food security : a critical nexus / Abhishek Raj, M.K. Jhariya, D.K. Yadav, A. Banerjee, and P.R. Oraon -- Linking social dimensions in climate change : transforming vulnerable smallholder producers for empowering and resiliency / Sumit Chakravarty, Anju Puri, K. Abha Manohar, Prakash Rai, Ubalt Lepcha, Vineeta, Nazir A. Pala, and Gopal Shukla -- Invasion of major fungal diseases in crop plants and forest trees due to recent climatic fluctuations / Narendra Kumar and S.M. Paul Khurana -- Utilization of boiling water of rice : a case study of sustainable water management at laboratory scale, Ambikapur, Surguja, Chhattisgarh, India / Vijay Rajwade, A. Banerjee, M.M. Ranga, M.K. Jhariya, D.K. Yadav, and Abhishek Raj -- Importance of forests and agriculture in global climate change / Vishnu K. Solanki, Vinita Parte, and Vinita Bisht -- Solid waste management scenario in Ambikapur, Surguja, Chhattisgarh : a sustainable approach / Keerti Mishra, A. Banerjee, M.M. Ranga, M.K. Jhariya, D.K. Yadav, and Abhishek Raj -- Environmental education : an informal approach through seminar talk along with a documentary film / Buddhadev Mukhopadhyay and Jayanta Kumar Datta. |
| 520 ## - SUMMARY, ETC. |
| Summary, etc. |
"This volume, Climate Change and Agroforestry System: Adaptation and Mitigation Strategies, addresses the burning issues of the impact of climate change, the alteration of environmental quality, and subsequent mitigation and adaptation strategies through various agroecosystem practices, primarily in agroforestry. It provides new insights in the field of role of agroecosystems toward combating the negative impact of climate change as well as maintaining the sustainability of ecosystem. The book discusses in depth the impact of climate change on forests and other agroecosystems. It presents new research on mitigation strategies, looking at carbon sequestration in agricultural soils, environmental greening, natural resource management, and livelihood security. It provides a thorough analysis of the potential of various modern, improved, and scientific farming practices, such as climate-smart agriculture and agroforestry systems for climate change mitigation and adaptation. The book also examines the invasion of major fungal diseases in forests and agricultural crops due to climatic fluctuations and goes on to look at water and waste management practices. The updated information and recent developments found in this volume will be valuable for researchers, policymakers, faculty, and students in the field of forestry, agroforestry, environment, ecology, and natural resources. Key features: Presents various eco-friendly approaches under different agroecosystems Discussess the adoption of climate-resilient agricultural practices Looks at some newer technologies and techniques in the field of agroecosystem management Considers the interlinkage between climate change and socioeconomic dimensions, including economic security Offers recommendations and suggestions to create harmony between agroecosystems and climate change Suggests an environmental education framework for policy formulation"-- |
| 650 #0 - SUBJECT ADDED ENTRY--TOPICAL TERM |
| Topical term or geographic name as entry element |
Agroforestry |
| General subdivision |
Environmental aspects. |
| 650 #0 - SUBJECT ADDED ENTRY--TOPICAL TERM |
| Topical term or geographic name as entry element |
Sustainable forestry. |
| 650 #0 - SUBJECT ADDED ENTRY--TOPICAL TERM |
| Topical term or geographic name as entry element |
Soils |
| General subdivision |
Environmental aspects. |
| 650 #0 - SUBJECT ADDED ENTRY--TOPICAL TERM |
| Topical term or geographic name as entry element |
Climatic changes |
| General subdivision |
Economic aspects. |
| 700 1# - ADDED ENTRY--PERSONAL NAME |
| Personal name |
Raj, Abhishek, |
| Relator term |
editor. |
| 700 1# - ADDED ENTRY--PERSONAL NAME |
| Personal name |
Jhariya, Manoj Kumar, |
| Relator term |
editor. |
| 700 1# - ADDED ENTRY--PERSONAL NAME |
| Personal name |
Yadav, Dhiraj Kumar, |
| Relator term |
editor. |
| 700 1# - ADDED ENTRY--PERSONAL NAME |
| Personal name |
Banerjee, Arnab |
| Titles and other words associated with a name |
(Professor of environmental science), |
| Relator term |
editor. |
| 776 08 - ADDITIONAL PHYSICAL FORM ENTRY |
| Relationship information |
Print version: |
| Title |
Climate change and agroforestry systems |
| Place, publisher, and date of publication |
Burlington ON ; Palm Bay, Florida : Apple Academic Press, [2020] |
| International Standard Book Number |
9781771888226 |
| Record control number |
(DLC) 2019056255 |
| 906 ## - LOCAL DATA ELEMENT F, LDF (RLIN) |
| a |
7 |
| b |
cbc |
| c |
orignew |
| d |
1 |
| e |
ecip |
| f |
20 |
| g |
y-gencatlg |
| 942 ## - ADDED ENTRY ELEMENTS (KOHA) |
| Source of classification or shelving scheme |
|
| Koha item type |
Hard Covered Materials |
| Classification part |
S 494.5 .R35 2020 |